| 000 -LEADER |
| fixed length control field |
04132cam a22003977a 4500 |
| 001 - CONTROL NUMBER |
| control field |
10191662 |
| 003 - CONTROL NUMBER IDENTIFIER |
| control field |
Nust- CAS-E0 |
| 005 - DATE AND TIME OF LATEST TRANSACTION |
| control field |
20180118181407.0 |
| 006 - FIXED-LENGTH DATA ELEMENTS--ADDITIONAL MATERIAL CHARACTERISTICS |
| fixed length control field |
m d |
| 007 - PHYSICAL DESCRIPTION FIXED FIELD--GENERAL INFORMATION |
| fixed length control field |
cr n |
| 008 - FIXED-LENGTH DATA ELEMENTS--GENERAL INFORMATION |
| fixed length control field |
121005s2013 enka sb 000 0 eng d |
| 020 ## - INTERNATIONAL STANDARD BOOK NUMBER |
| International Standard Book Number |
9781447148227 (hbk. : alk. paper) |
| 020 ## - INTERNATIONAL STANDARD BOOK NUMBER |
| International Standard Book Number |
1447148223 (hbk. : alk. paper) |
| 020 ## - INTERNATIONAL STANDARD BOOK NUMBER |
| International Standard Book Number |
9781447148234 (ebk.) |
| 035 ## - SYSTEM CONTROL NUMBER |
| System control number |
(WaSeSS)ssj0000811546 |
| 040 ## - CATALOGING SOURCE |
| Original cataloging agency |
IXA |
| Language of cataloging |
eng |
| Transcribing agency |
IXA |
| Modifying agency |
BTCTA |
| -- |
YDXCP |
| -- |
BWX |
| -- |
DLC |
| -- |
WaSeSS |
| 042 ## - AUTHENTICATION CODE |
| Authentication code |
lccopycat |
| 050 #4 - LIBRARY OF CONGRESS CALL NUMBER |
| Classification number |
TK2960 |
| Item number |
.O74 2013 |
| 082 ## - DEWEY DECIMAL CLASSIFICATION NUMBER |
| Classification number |
621.31244 |
| Author Mark |
ORG 2013 |
| 210 10 - ABBREVIATED TITLE |
| Abbreviated title |
Organic solar cells |
| 245 00 - TITLE STATEMENT |
| Title |
Organic solar cells |
| Medium |
[electronic resource] : |
| Remainder of title |
materials and device physics / |
| Statement of responsibility, etc. |
Wallace C.H. Choy, editor. |
| 260 ## - PUBLICATION, DISTRIBUTION, ETC. |
| Place of publication, distribution, etc. |
London ; |
| -- |
New York : |
| Name of publisher, distributor, etc. |
Springer, |
| Date of publication, distribution, etc. |
c2013. |
| 490 1# - SERIES STATEMENT |
| Series statement |
Green energy and technology, |
| International Standard Serial Number |
1865-3529 |
| 502 ## - DISSERTATION NOTE |
| Dissertation note |
0 |
| 504 ## - BIBLIOGRAPHY, ETC. NOTE |
| Bibliography, etc. note |
Includes bibliographical references. |
| 505 00 - FORMATTED CONTENTS NOTE |
| Title |
Introduction to Organic Solar Cells / |
| Statement of responsibility |
Dixon D. S. Fung and Wallace C. H. Choy -- |
| Title |
Active Layer Materials for Organic Solar Cells / |
| Statement of responsibility |
Jianhui Hou and Xia Guo -- |
| Title |
Interface Engineering for High Performance Bulk-Heterojunction Polymeric Solar Cells / |
| Statement of responsibility |
Chunhui Duan, Chengmei Zhong, Fei Huang and Yong Cao -- |
| Title |
Graphene for Transparent Electrodes and Organic Electronic Devices / |
| Statement of responsibility |
Xiangjian Wan, Guankui Long and Yongsheng Chen -- |
| Title |
Exciton and Charge Dynamics in Polymer Solar Cells Studied by Transient Absorption Spectroscopy / |
| Statement of responsibility |
Hideo Ohkita and Shinzaburo Ito -- |
| Title |
Interface Stability of Polymer and Small-Molecule Organic Photovoltaics / |
| Statement of responsibility |
Degradation Mechanisms, Characterization Techniques, and Improvement Approaches / |
| -- |
D. W. Zhao, L. Ke, W. Huang and X. W. Sun -- |
| Title |
Theoretical Studies of Plasmonic Effects in Organic Solar Cells / |
| Statement of responsibility |
Wei E. I. Sha, Wallace C. H. Choy and Weng Cho Chew -- |
| Title |
Experimental Studies of Plasmonic Nanoparticle Effects on Organic Solar Cells / |
| Statement of responsibility |
Dixon D. S. Fung and Wallace C. H. Choy -- |
| Title |
Hybrid Solar Cells with Polymer and Inorganic Nanocrystals / |
| Statement of responsibility |
Qidong Tai and Feng Yan. |
| 506 ## - RESTRICTIONS ON ACCESS NOTE |
| Terms governing access |
License restrictions may limit access. |
| 520 ## - SUMMARY, ETC. |
| Summary, etc. |
"Organic solar cells have emerged as new promising photovoltaic devices due to their potential applications in large area, printable and flexible solar panels. Organic Solar Cells: Materials and Device Physics offers an updated review on the topics covering the synthesis, properties and applications of new materials for various critical roles in devices from electrodes, interface and carrier transport materials, to the active layer composed of donors and acceptors.Addressing the important device physics issues of carrier and exciton dynamics and interface stability and novel light trapping structures, the potential for hybrid organic solar cells to provide high efficiency solar cells is examined and discussed in detail. Specific chapters covers key areas including: Latest research and designs for highly effective polymer donors/acceptors and interface materials; Synthesis and application of highly transparent and conductive graphene; Exciton and charge dynamics for in-depth understanding of the mechanism underlying organic solar cells; New potentials and emerging functionalities of plasmonic effects in OSCs; Interface Degradation Mechanisms in organic photovoltaics improving the entire device lifetime; Device architecture and operation mechanism of organic/ inorganic hybrid solar cells for next generation of high performance photovoltaics. This reference can be practically and theoretically applied by senior undergraduates, postgraduates, engineers, scientists, researchers, and project managers with some fundamental knowledge in organic and inorganic semiconductor materials or devices"--Provided by publisher. |
| 650 #0 - SUBJECT ADDED ENTRY--TOPICAL TERM |
| Topical term or geographic name entry element |
Solar cells |
| General subdivision |
Materials. |
| 700 1# - ADDED ENTRY--PERSONAL NAME |
| Personal name |
Choy, Wallace C. H. |
| Fuller form of name |
(Wallace Chik Ho) |
| 773 #0 - HOST ITEM ENTRY |
| Title |
SpringerLink ebooks - Energy (2013) |
| 830 #0 - SERIES ADDED ENTRY--UNIFORM TITLE |
| Uniform title |
Green energy and technology. |
| 856 40 - ELECTRONIC LOCATION AND ACCESS |
| Uniform Resource Identifier |
<a href="http://www.columbia.edu/cgi-bin/cul/resolve?clio10191662">http://www.columbia.edu/cgi-bin/cul/resolve?clio10191662</a> |
| Public note |
Full text available from SpringerLink ebooks - Energy (2013) |
| 910 ## - USER-OPTION DATA (OCLC) |
| User-option data |
Library of Congress record |
| 942 ## - ADDED ENTRY ELEMENTS (KOHA) |
| Source of classification or shelving scheme |
|
| Koha item type |
Book |